000 00453nam a22001697a 4500
999 _c163773
_d163773
005 20190430121312.0
010 _aENG-125104
020 _a9789350012154
_c140.00
037 _bDBAD/PUB
082 _a530
100 _aGokulakannan,R
245 _aA testbook of Astro Physics/
_cby R.Gokulakannan
260 _aPerambalur:
_bMercury Printers & Publishers
_c2009
270 _bPerambalur
_e621212
300 _a251p
_b2 1cm
942 _2ddc
_cEN
_kGOK
_m530